|
|
|
|
| LEADER |
01513nam a2200325 4500 |
| 001 |
40229 |
| 003 |
BD-DhAAL |
| 005 |
20221215111931.0 |
| 008 |
221215t2004 dcua b 001 0 eng |
| 999 |
|
|
|c 45189
|d 45189
|
| 010 |
|
|
|a 2003015903
|
| 020 |
|
|
|a 1568027605 (alk. paper)
|
| 040 |
|
|
|a DLC
|c DLC
|d DLC
|d BD-DhAAL
|
| 042 |
|
|
|a pcc
|
| 043 |
|
|
|a n-us---
|
| 050 |
0 |
0 |
|a JK421
|b .G6447 2004
|
| 082 |
0 |
0 |
|a 352.630973
|2 22
|
| 100 |
1 |
|
|a Gormley, William T.,
|d 1950-
|9 52935
|
| 245 |
1 |
0 |
|a Bureaucracy and democracy :
|b accountability and performance /
|c William T. Gormley, Steven J. Balla.
|
| 260 |
|
|
|a Washington, D.C. :
|b CQ Press,
|c c2004.
|
| 300 |
|
|
|a xv, 215 pages :
|b illustrations ;
|c 23 cm.
|
| 504 |
|
|
|a Includes bibliographical references (pages 187-202) and index.
|
| 505 |
0 |
|
|a Bureaucracies as policymaking organizations -- Bureaucratic reasoning -- The bureaucracy's bosses -- The bureaucracy's clients -- Networks -- Bringing the theoretical frameworks together : four bureaucracies in action -- Why are some bureaucracies better than others?
|
| 541 |
|
|
|a Donated By Akbar Ali Khan
|e 40229
|
| 650 |
|
0 |
|a Bureaucracy
|z United States.
|9 52936
|
| 650 |
|
0 |
|a Administrative agencies
|z United States.
|9 52937
|
| 700 |
1 |
|
|a Balla, Steven J.
|9 52938
|
| 852 |
|
|
|a Ayesha Abed Library
|c Akbar Ali Khan Collection
|
| 942 |
|
|
|2 ddc
|c BK
|
| 952 |
|
|
|0 0
|1 0
|2 ddc
|4 0
|6 352_630973000000000_GOR
|7 1
|9 72503
|a BRACUL
|b BRACUL
|c AAKC
|d 2022-12-15
|e Donated by Akbar Ali Khan
|l 0
|o 352.630973 GOR
|p 3010040229
|r 2022-12-15
|t 1
|w 2022-12-15
|y BK
|